| 000 | 00451nam a2200181Ia 4500 | ||
|---|---|---|---|
| 001 | 14333 | ||
| 005 | 20260306164906.0 | ||
| 008 | 260306t2013||||xx |||||||||||||| ||spa|| | ||
| 041 | _aESP | ||
| 082 |
_a512.1 _bA49 |
||
| 100 |
_aAlvarez Silva, Magaly Jeannet _eAUT |
||
| 245 | 0 | _aCuaderno de trabajo de álgebra y geometría | |
| 260 | _c2013 | ||
| 300 |
_a279 páginas : _c30 cm. |
||
| 650 | _aGEN | ||
| 654 | _aCMA | ||
| 942 |
_cLIB _dJUS _fJUS _2ddc _n |
||
| 999 |
_c14333 _d14333 |
||